Orphans of glasnost.
Stratégia US politiky voči dvom posledným komunistickým režimom na Kube a v Severnej Kóreji. Odlišnosti režimov, ekonomickej a politickej situácie na Kube a v Severnej Kóreji. Dopad rozsahu komunistických režimov vo východnej Európe na vývoj ekonomickej situácie v oboch krajinách. Prehlbujúca sa izo...
Saved in:
| Main Author: | |
|---|---|
| Format: | Book Chapter |
| Language: | English |
| Subjects: | |
| Tags: |
No Tags, Be the first to tag this record!
|
MARC
| LEADER | 00000naa a2200000 4500 | ||
|---|---|---|---|
| 001 | r003985 | ||
| 005 | 20221130103519.9 | ||
| 041 | 0 | |a eng | |
| 044 | |a KR | ||
| 245 | 1 | 0 | |a Orphans of glasnost. |c M.J. Mazarr |
| 520 | |a Stratégia US politiky voči dvom posledným komunistickým režimom na Kube a v Severnej Kóreji. Odlišnosti režimov, ekonomickej a politickej situácie na Kube a v Severnej Kóreji. Dopad rozsahu komunistických režimov vo východnej Európe na vývoj ekonomickej situácie v oboch krajinách. Prehlbujúca sa izolácia oboch krajín. Ekonomická závislosť na ZSSR. Zastavenie sovietskej hospod. a vojenskej pomoci a obmedzenie obchodnej výmeny zo ZSSR. Nová US stratégia voči obom krajinám. | ||
| 610 | 2 | 0 | |a rozvoj hospodársky |
| 610 | 2 | 0 | |a KĽDR |
| 610 | 2 | 0 | |a Kuba |
| 610 | 2 | 0 | |a závislosť ekonomická |
| 610 | 2 | 0 | |a ZSSR |
| 610 | 2 | 0 | |a pomoc hospodárska |
| 100 | 1 | |a Mazarr, M.J. | |